000 00508nam a2200193Ia 4500
001 39870
008 140423s9999 xx 000 0 und d
020 _a9788131722220
040 _cPK-LaUMT
082 _a 519.53
_bJOH-A
100 _aJohnson, Richard A.
245 _aApplied multivariate statistical analysis
_cJohnson, Richard A.<>Wichern, Dean W.
250 _a6th
260 _aNew Delhi,India:
_bPearson,
_c2008
300 _a793 p.
546 _aEN
700 _aWichern, Dean W.
942 _cBK
999 _c39174
_d39174